Fundamental logic (Record no. 3996)

MARC details
000 -LEADER
fixed length control field 00455nam a22001697i 4500
020 ## - INTERNATIONAL STANDARD BOOK NUMBER
International Standard Book Number 9712313352
050 14 - LIBRARY OF CONGRESS CALL NUMBER
Classification number BC 39.5
Item number P65
100 ## - MAIN ENTRY--PERSONAL NAME
Personal name Piñon, Manuel T.
245 ## - TITLE STATEMENT
Title Fundamental logic
Statement of responsibility, etc. Fr. Manuel T. Piñon
264 #1 - PRODUCTION, PUBLICATION, DISTRIBUTION, MANUFACTURE, AND COPYRIGHT NOTICE
Place of production, publication, distribution, manufacture Manila:
Name of producer, publisher, distributor, manufacturer Rex publishing,
Date of production, publication, distribution, manufacture, or copyright notice 1973.
300 ## - PHYSICAL DESCRIPTION
Extent xiv, 324 pages;
Dimensions 22 cm.
336 ## - CONTENT TYPE
Content type term text
Content type code txt
Source rdacontent
337 ## - MEDIA TYPE
Media type term unmediated
Media type code n
Source rdamedia
338 ## - CARRIER TYPE
Carrier type term volume
Carrier type code nc
Source rdacarrier
650 ## - SUBJECT ADDED ENTRY--TOPICAL TERM
Topical term or geographic name entry element 1.Logic, I.Title
942 ## - ADDED ENTRY ELEMENTS (KOHA)
Koha item type Filipiniana
Holdings
Withdrawn status Source of classification or shelving scheme Damaged status Not for loan Collection code Home library Current library Shelving location Date acquired Total Checkouts Full call number Barcode Date last seen Price effective from Koha item type Copy number
  Library of Congress Classification     Non-fiction Binangonan College Library Binangonan College Library Filipiniana Section 06/07/2023   BC 39.5 P65 URSBIN-277 02/24/2016 09/11/2019 Filipiniana  
  Library of Congress Classification     Non-fiction Binangonan College Library Binangonan College Library Filipiniana Section 06/07/2023   BC 39.5 P65 URSBIN-278 05/05/2016 05/05/2016 Filipiniana  
  Library of Congress Classification     Non-fiction Pililla College Library Pililla College Library General Stacks 07/20/2017   160 P65 1995 URSPIL-304 05/31/2019 07/20/2017 Filipiniana 1

University of Rizal System
Email us at univlibservices@urs.edu.ph

Visit our Website www.urs.edu.ph/library